00427nam a2200181Ia 4500003000900000008004100009040001300050040001300063041000800076100002400084245006800108250001100176260002200187260000900209300001100218300001000229490000600239IT-RoPAU120407s9999 xx 000 0 und d aIT-RoPAU cIT-RoPAU aita aCarlo Maria Martini aDio educa il suo popolo. Programma pastorale diocesano 1987-89. aMilano aCentro Ambrosiano c1987 a104 p. c21 cm v1